Carreteras : atlas / por Manuel Pardo atlas / por Manuel Pardo
Descripción Física:
13 p. de làm. : il. col. ; 32 cm
Materias:
Carreteres -- Disseny i construcció
MARC
| LEADER | 00000nam a2200000Ia 4500 | ||
|---|---|---|---|
| 001 | 15151 | ||
| 008 | 160829s1892 xx 000 0 cat d | ||
| 080 | |a RF-11-23 | ||
| 100 | |a Pardo, Manuel |9 36197 | ||
| 245 | |a Carreteras : |b atlas / por Manuel Pardo | ||
| 260 | |a Madrid : |b Imprenta y Fundición de Manuel Tello, |c 1892 | ||
| 300 | |a 13 p. de làm. : |b il. col. ; |c 32 cm | ||
| 650 | 0 | |a Carreteres |x Disseny i construcció |9 45825 | |
| 856 | 4 | |u https://media.diba.cat/diba/fitxers/arxiu/fulletons/bib_15151_1892_baixa.pdf |y Accés lliure | |
| 856 | 4 | |u https://media.diba.cat/diba/fitxers/arxiu/fulletons/bib_15151_1892_baixa.pdf |y Accés lliure | |
| 901 | |a Arxiu | ||
| 942 | |n 1 |2 udc | ||
| 952 | |0 0 |1 0 |4 0 |6 RF1123 |7 1 |9 47212 |a Arxiu |b Arxiu |d 2016-12-01 |l 0 |o RF-11-23 |p 15151 |r 2016-12-01 00:00:00 |w 2016-12-01 |y ARXIU | ||
| 999 | |c 51009 |d 51009 | ||
| 900 | |a bib_15151_1892_baixa.pdf | ||